| 000 | 00453nam a22001217a 4500 | ||
|---|---|---|---|
| 040 | _cSK | ||
| 082 | _a631 | ||
| 100 | _aត្រាន់ ថាន់កាញ់ | ||
| 245 | _aPedologie appiquee en regionstropicales et au cambodge; ធរណីវិទ្យាអនុវត្តន៍នៅតំបន់ក្ដៅសើមនិងនៅកម្ពុជា | ||
| 260 |
_aPhnom Penh _bត្រាន់ _c1992 |
||
| 300 | _a66p. | ||
| 942 | _cKB | ||
| 999 |
_c9534 _d9534 |
||